000 01391cam a2200361 i 4500
001 25375
003 Mx-PuUPA
005 20250926124734.0
008 140415s2018 mx a gr 001 0 spa d
020 _a9786070747502
040 _aMx-PuUPA
_bspa
_cMx-PuUPA
_dMx-PuUPA
_erda
041 0 _aspa
043 _an-mx---
245 1 3 _aLa estafa maestra :
_bgraduados en desaparecer el dinero público /
_cNayeli Roldán, Miriam Castillo, Manuel Ureste ; prólogo, Daniel Moreno
246 1 3 _aLa e$tafa mae$tra :
_bgraduados en desaparecer el dinero público
250 _aPrimera edición /
_bimpresa en México
264 1 _aCiudad de México :
_bTemas de hoy,
_c2018
300 _a213 páginas :
_bilustraciones,
_c23 cm
336 _2rdacontent
_atexto
_btxt
337 _2rdamedia
_asin medio
_bn
338 _2rdacarrier
_avolumen
_bnc
650 7 _2armarc
_aCorrupción política
_zMéxico
650 7 _2armarc
_aMoneda
_xAspectos políticos
_zMéxico
650 7 _2armarc
_aCorrupción política
_xAspectos económicos
_zMéxico
650 7 _2armarc
_aFinanzas públicas
_xPrácticas corruptas
_zMéxico
700 1 _aRoldán, Nayeli,
_eautor
700 1 _aCastillo, Miriam,
_eautor
700 1 _aUreste, Manuel,
_eautor
700 1 _aMoreno, Daniel,
_eautor de prólogo
942 _2ddc
_cLI
_h364.13230972
_iL58
999 _c25375
_d25375